Music Quiz

Random Music or Billboard Quiz

Every 'Woman' Top Ten Quiz Stats

 Plays Quiz not verified by Sporcle

Challenge
Share
Tweet
Embed
Score 0/38 Timer 09:00
0 Plays Today
Artist Song % Correct
Roy Orbison and The Candy MenOh, Pretty Woman
89.2%
John LennonWoman
89.2%
The Guess WhoAmerican Woman
84.6%
Helen ReddyI am Woman
84.6%
Percy SledgeWhen A Man Loves A Woman
76.9%
Michael BoltonWhen a Man Loves a Woman
76.9%
SantanaBlack Magic Woman
72.3%
Whitney HoustonI'm Every Woman
69.2%
Electric Light OrchestraEvil Woman
66.2%
EaglesWitchy Woman
61.5%
Barbra StreisandWoman in Love
61.5%
The HolliesLong Cool Woman (In A Black Dress)
53.8%
Bryan AdamsHave You Ever Really Loved A Woman?
53.8%
Air SupplyEvery Woman in the World
44.6%
Aretha Franklin(You Make Me Feel Like) A Natural Woman
41.5%
Neil DiamondGirl, You'll Be a Woman Soon
35.4%
The Union Gap featuring Gary PuckettWoman, Woman
35.4%
FirefallYou are the Woman
35.4%
Cliff RichardDevil Woman
35.4%
Artist Song % Correct
Brian HylandGypsy Woman
33.8%
Crystal WatersGypsy Woman (She's Homeless)
33.8%
The BeatlesShe's a Woman
32.3%
Dr. HookWhen You're in Love with a Beautiful Woman
32.3%
Ariana GrandeDangerous Woman
32.3%
Elvis PresleyHard Headed Woman
27.7%
Billy JoelModern Woman
27.7%
Four TopsAin't No Woman (Like the One I've Got)
26.2%
Stevie WonderBoogie on Reggae Woman
26.2%
Ray Parker Jr. & RaydioA Woman Needs Love (Just Like You Do)
26.2%
StampedersSweet City Woman
24.6%
Bobby ShermanLittle Woman
16.9%
Gladys Knight & The PipsIf I Were Your Woman
16.9%
Betty WrightClean Up Woman
16.9%
Ray Parker Jr.The Other Woman
16.9%
Paul Anka with Odia CoatesOne Man Woman/One Woman Man
13.8%
Peter CeteraOne Good Woman
13.8%
Roy OrbisonMean Woman Blues
12.3%
Gary Puckett and the Union GapThis Girl is a Woman Now
9.2%

You're not logged in!

Compare scores with friends on all Sporcle quizzes.
Join for Free
OR
Log In

You Might Also Like...

Show Comments

Extras

Created Jun 10, 2017ReportNominate
Tags:Billboard Quiz, chart, woman

Top Quizzes Today


Score Distribution

Your Account Isn't Verified!

In order to create a playlist on Sporcle, you need to verify the email address you used during registration. Go to your Sporcle Settings to finish the process.

Report this User

Report this user for behavior that violates our Community Guidelines.

Details: